| 000 | 00664nam a22002177a 4500 | ||
|---|---|---|---|
| 005 | 20150514162422.0 | ||
| 010 | _aENG-112633 | ||
| 020 |
_c325.00 _a9788120349414 |
||
| 035 | _aEN-96165 | ||
| 037 | _bDBAD/PUB | ||
| 082 | _a621.3822 | ||
| 100 | _aRaja Rajeswari, K. | ||
| 245 | 0 | 0 |
_aSignals and systems / _cby K. Raja Rajeswari [and] B. Visvesvara Rao |
| 250 | _a2nd ed. | ||
| 260 |
_aDelhi _bPHI Learning _c2014 |
||
| 270 |
_aRimjhim House, 111, Patparganj Industrial Estate, _bDelhi _e110092 |
||
| 300 |
_axii,333p.: _c24cm(pbk) _bill. |
||
| 500 | _aIncludes index | ||
| 700 | _aVisvesvara Rao, B. | ||
| 942 |
_2ddc _cEN _mRAJ _h621.3822 |
||
| 999 |
_c92866 _d92866 |
||